Przyimki miejsca - język niemiecki - Statystyki

Ogólne statystyki
  • Ten quiz został rozwiązany 226 razy
    222 od ostatniego zresetowania
  • Średni wynik to 8 z 15
Statystyki odpowiedzi
J.Polski J.Niemiecki % Poprawnych
w in
98%
na auf
74%
za hinter
69%
nad uber
68%
pod unter
67%
obok neben
66%
przy an
65%
pomiędzy zwischen
64%
przed vor
59%
wisieć hangen
46%
leżać liegen
44%
wieszać hangen
19%
kłaść legen
13%
stawiać stelle
12%
stać stelen
2%
Nie znaleziono quizów pasujących do podanych kryteriów
Rozkład punktacji
Procent ludzi z każdym wynikiem
Percentyl według liczby udzielonych odpowiedzi
Twoja historia wyników
Nie rozwiązałeś tego quizu od ostatniego zresetowania